Design of concrete structures (Record no. 3628)

000 -LEADER
fixed length control field 00663nam a2200229 a 4500
001 - CONTROL NUMBER
control field 3628
003 - CONTROL NUMBER IDENTIFIER
control field BD-DhUET
008 - FIXED-LENGTH DATA ELEMENTS--GENERAL INFORMATION
fixed length control field 850621s1985 enka b 101 0 eng
020 ## - INTERNATIONAL STANDARD BOOK NUMBER
International Standard Book Number 007Y665486
040 ## - CATALOGING SOURCE
Original cataloging agency DLC
Transcribing agency DLC
Modifying agency BD-DhUET
082 00 - DEWEY DECIMAL CLASSIFICATION NUMBER
Classification number 624.183
Item number NIL/1986
100 ## - MAIN ENTRY--PERSONAL NAME
Personal name Nilson, Arthur H.
245 00 - TITLE STATEMENT
Title Design of concrete structures
Statement of responsibility, etc. by Arthur H. Nilson and George Winter
250 ## - EDITION STATEMENT
Edition statement 10th ed.
260 ## - PUBLICATION, DISTRIBUTION, ETC. (IMPRINT)
Place of publication, distribution, etc. New York:
Name of publisher, distributor, etc. McGraw Hill Book Company,
Date of publication, distribution, etc. 1986.
300 ## - PHYSICAL DESCRIPTION
Extent xi, 380 p. :
Other physical details ill. ;
Dimensions 23 cm.
490 ## - SERIES STATEMENT
Series statement Civil engineering series
504 ## - BIBLIOGRAPHY, ETC. NOTE
Bibliography, etc Includes bibliographies
650 #0 - SUBJECT ADDED ENTRY--TOPICAL TERM
Topical term or geographic name as entry element Reinforced concrete
700 ## - ADDED ENTRY--PERSONAL NAME
Personal name Winter, George
942 ## - ADDED ENTRY ELEMENTS (KOHA)
Koha item type General Book
Holdings
Koha issues (times borrowed) Shelving location Koha item type Lost status Copy number Date acquired Sublocation or collection (holding branch) Koha date last seen Location (home branch) Source of classification or shelving scheme Koha normalized classification for sorting Not for loan Damaged status Koha date last borrowed Piece designation (barcode) Koha renewals Koha full call number Withdrawn status Price effective from Koha out on loan
6Circulation sectionGeneral Book 12014-11-02Central Library, BUET2026-02-23Central Library, BUET 624_000000000000000_183NIL1986  2026-02-23778731624.183/NIL/1986 2014-11-022027-02-23
 Rental sectionRental Item ১০/ক-১1990-10-23Central Library, BUET2024-12-04Central Library, BUET 624_183000000000000_NIL_1986   77816 624.183 NIL/1986 2024-12-04 
 Rental sectionRental Item ১০/ক-২1990-10-23Central Library, BUET2024-12-04Central Library, BUET 624_183000000000000_NIL_1986   77817 624.183 NIL/1986 2024-12-04 
 Rental sectionRental Item ১০/ক-৩1990-10-23Central Library, BUET2024-12-04Central Library, BUET 624_183000000000000_NIL_1986   77818 624.183 NIL/1986 2024-12-04 
 Rental sectionRental Item ১০/ক-৪1990-10-23Central Library, BUET2024-12-04Central Library, BUET 624_183000000000000_NIL_1986   77819 624.183 NIL/1986 2024-12-04 
 Rental sectionRental Item ১০/ক-৫1990-10-23Central Library, BUET2024-12-04Central Library, BUET 624_183000000000000_NIL_1986   77820 624.183 NIL/1986 2024-12-04 
 Rental sectionRental Item ১০/ক-৬1990-10-23Central Library, BUET2024-12-04Central Library, BUET 624_183000000000000_NIL_1986   77821 624.183 NIL/1986 2024-12-04 
 Rental sectionRental Item ১০/ক-৭1990-10-23Central Library, BUET2024-12-04Central Library, BUET 624_183000000000000_NIL_1986   77822 624.183 NIL/1986 2024-12-04 
 Rental sectionRental Item ১০/ক-৮1990-10-23Central Library, BUET2024-12-04Central Library, BUET 624_183000000000000_NIL_1986   77823 624.183 NIL/1986 2024-12-04 
 Rental sectionRental Item ১০/ক-৯1990-10-23Central Library, BUET2024-12-04Central Library, BUET 624_183000000000000_NIL_1986   77824 624.183 NIL/1986 2024-12-04 
 Rental sectionRental Item ১০/ক-১০1990-10-23Central Library, BUET2024-12-04Central Library, BUET 624_183000000000000_NIL_1986   77825 624.183 NIL/1986 2024-12-04 
 Rental sectionRental Item ১০/ক-১১1990-10-23Central Library, BUET2024-12-04Central Library, BUET 624_183000000000000_NIL_1986   77826 624.183 NIL/1986 2024-12-04 
 Rental sectionRental Item ১০/ক-১২1990-10-23Central Library, BUET2024-12-04Central Library, BUET 624_183000000000000_NIL_1986   77827 624.183 NIL/1986 2024-12-04 
 Rental sectionRental Item ১০/ক-১৩1990-10-23Central Library, BUET2024-12-04Central Library, BUET 624_183000000000000_NIL_1986   77828 624.183 NIL/1986 2024-12-04 
 Rental sectionRental Item ১০/ক-১৪1990-10-23Central Library, BUET2024-12-04Central Library, BUET 624_183000000000000_NIL_1986   77829 624.183 NIL/1986 2024-12-04 
 Rental sectionRental Item ১০/ক-১৫1990-10-23Central Library, BUET2024-12-04Central Library, BUET 624_183000000000000_NIL_1986   77830 624.183 NIL/1986 2024-12-04 
 Rental sectionRental Item ১০/ক-১৬1990-10-23Central Library, BUET2024-12-04Central Library, BUET 624_183000000000000_NIL_1986   77831 624.183 NIL/1986 2024-12-04 
 Rental sectionRental Item ১০/ক-১৭1990-10-23Central Library, BUET2024-12-04Central Library, BUET 624_183000000000000_NIL_1986   77832 624.183 NIL/1986 2024-12-04 
 Rental sectionRental Item ১০/ক-১৮1990-10-23Central Library, BUET2024-12-04Central Library, BUET 624_183000000000000_NIL_1986   77833 624.183 NIL/1986 2024-12-04 
 Rental sectionRental Item ১০/ক-১৯1990-10-23Central Library, BUET2024-12-04Central Library, BUET 624_183000000000000_NIL_1986   77834 624.183 NIL/1986 2024-12-04 
 Rental sectionRental Item ১০/ক-২০1990-10-23Central Library, BUET2024-12-04Central Library, BUET 624_183000000000000_NIL_1986   77835 624.183 NIL/1986 2024-12-04